00303nam a22000977a 4500008004100000082002100041245005900062260005700121300000800178440001900186230620b xxu||||| |||| 00| 0 eng d a323.bEAHRI 2004 aThe East African Journal of Human Rights and Democracy aKenyabThe East African Human Rights Institutec2004 a91p n1v2x1686900X